Normal view MARC view
  • León, Dolores G. de

Entry Nombre Personal

Number of records used in: 2

001 - NUMERO DE CONTROL

  • campo de control: 50563

003 - IDENTIFICADOR DE NUMERO DE CONTROL

  • campo de control: MX-MxUPN

005 - FECHA Y HORA DE LA ÜLTIMA TRANSACCIÓN

  • campo de control: 20231107110613.0

008 - DATOS DE LONGITUD FIJA

  • campo de control de longitud fija: 231107|| aca||aabn | a|a d

040 ## - FUENTE DE CATALOGACIÓN

  • Agencia original de catalogación: MX-MxUPN
  • Lenguaje de catalogación: spa
  • Agencia de transcripción: MX-MxUPN

100 1# - ENCABEZAMIENTO - NOMBRE PERSONAL

  • Nombre personal: León, Dolores G. de

670 ## - FUENTE EN LA QUE SE LOCALIZARON DATOS

  • Cita de la fuente: Cuarto año de lecciones de cosas, 1920:
  • Información localizada: portada (Dolores G. de León)

902 ## - CATALOGADOR

  • Catalogador: Víctor Ruiz/071123